L'Azione cattolica in Svizzera

Saved in:  
Bibliographic Details
Main Author: Maffezzoli, Luigi (Author)
Format: Print Article
Language:Italian
Check availability: HBZ Gateway
Interlibrary Loan:Interlibrary Loan for the Fachinformationsdienste (Specialized Information Services in Germany)
Published: 2019
In: Per una storia dell'Azione cattolica nel mondo
Year: 2019, Pages: 39-52

MARC

LEADER 00000naa a22000002c 4500
001 1775951510
003 DE-627
005 20211103045055.0
007 tu
008 211103s2019 xx ||||| 00| ||ita c
020 |a 9788832710311 
035 |a (DE-627)1775951510 
035 |a (DE-599)KXP1775951510 
040 |a DE-627  |b ger  |c DE-627  |e rda 
041 |a ita 
084 |a 1  |2 ssgn 
100 1 |a Maffezzoli, Luigi  |e VerfasserIn  |4 aut 
245 1 0 |a L'Azione cattolica in Svizzera 
264 1 |c 2019 
336 |a Text  |b txt  |2 rdacontent 
337 |a ohne Hilfsmittel zu benutzen  |b n  |2 rdamedia 
338 |a Band  |b nc  |2 rdacarrier 
773 0 8 |i Enthalten in  |t Per una storia dell'Azione cattolica nel mondo  |d Roma : AVE, 2019  |g (2019), Seite 39-52  |h 230 Seiten  |w (DE-627)1676512020  |z 9788832710311  |z 8832710315  |7 nnam 
773 1 8 |g year:2019  |g pages:39-52 
935 |a mteo 
951 |a AR 
ELC |b 1 
ITA |a 1  |t 1 
LOK |0 000 xxxxxcx a22 zn 4500 
LOK |0 001 399867540X 
LOK |0 003 DE-627 
LOK |0 004 1775951510 
LOK |0 005 20211103045055 
LOK |0 008 211103||||||||||||||||ger||||||| 
LOK |0 035   |a (DE-Tue135)1676512020_2019_39 
LOK |0 040   |a DE-Tue135  |c DE-627  |d DE-Tue135 
LOK |0 092   |o n 
LOK |0 852   |a DE-Tue135 
LOK |0 852 1  |9 00 
LOK |0 935   |a imwa  |a ixau  |a ixrk 
LOK |0 939   |a 03-11-21  |b l01 
ORI |a SA-MARC-ixtheoa001.raw